02157nas a2200289Ia 4500001001100000003001000011008004100021040002500062041001300087100002600100210002200126222002200148245004400170250001100214260008500225300001100310310001200321362003600333500056700369501011400936520056701050650004201617942000701659957000601666999003301672952016201705R809-R8967IT-CnALBA170116c99999999xx |||||||||||| ||und|| aIT-CnALBAcIT-CnALBA aITALIANO aMERCANDANTE FRANCESCO aPROSPETTIVE LIBRI aPROSPETTIVE LIBRI 0aPROSPETTIVE LIBRI. GIUGNO LUGLIO 1981.  a1a ed. a ROMAbPROSPETTIVE NEL MONDO ED. c1981 [1° Ed.:1981 - Ed.Ling.Originale: 1981] a96 p.  aMENSILE aFascicolo: 6-7 / Anno: 1 (1981) aTRE LIBRI, UN SOLO SATTA IN BILICO TRA DIRITTO E UMANITA! UN GRANDE NARRATORE CHE TACQUE PER XL ANNI. CIMATTI P. PICCOLO CAPOLAVORO DI UN SOLITARIO STRANIERO. MORTE DI LIBERO DE LIBERO. IL DESTINO GLI DONO'' UN NOBILE CATALOGO DI SCONFITTE. SINISGALLI L. DE LIBERIANO. CARTINI F. LA STORIA NON È SOLO QUELLA DEI VERTICI E DEI GOVERNANTI. POLITICA. FRANCHINI R. UN SAGGIO DI FISICHELLA. L'ITALIA PROSTRATA. COME GUARIRLA. NARRATIVA. LAUREATI ED ESCLUSI DAI GRANDI PREMI STAGIONALI. ORIENTE. BUSSAGLI M. E GIORDA L. G. LIBRO DI VALORE CONFUSO CON TESTI VOLGARI.  aSocietà San Paolo EM - Piazza San Paolo, 14 - 12051 ALBA (CN) (non commercial uses only) ® Copyright 2017 aTRE LIBRI, UN SOLO SATTA IN BILICO TRA DIRITTO E UMANITA! UN GRANDE NARRATORE CHE TACQUE PER XL ANNI. CIMATTI P. PICCOLO CAPOLAVORO DI UN SOLITARIO STRANIERO. MORTE DI LIBERO DE LIBERO. IL DESTINO GLI DONO'' UN NOBILE CATALOGO DI SCONFITTE. SINISGALLI L. DE LIBERIANO. CARTINI F. LA STORIA NON È SOLO QUELLA DEI VERTICI E DEI GOVERNANTI. POLITICA. FRANCHINI R. UN SAGGIO DI FISICHELLA. L'ITALIA PROSTRATA. COME GUARIRLA. NARRATIVA. LAUREATI ED ESCLUSI DAI GRANDI PREMI STAGIONALI. ORIENTE. BUSSAGLI M. E GIORDA L. G. LIBRO DI VALORE CONFUSO CON TESTI VOLGARI.  aSTORIA DESCRIZIONE CRITICA LETTERARIA cCR 71 a60534bNOg1c327560d327560 0010406R_809R896771aALBAbALBAd2017-01-16l0oR809-R8967r2017-01-16 00:00:00w2017-01-16yCRz(data import: 16 gennaio 2017) - By Epidotti, Vaglietti.